Statistics for Countries by Borders #1

Click here to take the quiz!

General Stats

  • This quiz has been taken 85,216 times
    (69,069 since last reset)
  • The average score is 17 of 20

Answer Stats

Land Borders Country % Correct
Canada, MexicoUnited States
100%
SpainPortugal
98%
United KingdomIreland
96%
Belgium, GermanyNetherlands
94%
Latvia, RussiaEstonia
90%
Dominican RepublicHaiti
89%
France, SpainAndorra
87%
Argentina, BrazilUruguay
87%
Israel, Libya, SudanEgypt
86%
GermanyDenmark
85%
Laos, China, CambodiaVietnam
85%
Nicaragua, PanamaCosta Rica
83%
Austria, Germany, Poland, SlovakiaCzech Republic
83%
Myanmar, IndiaBangladesh
82%
Colombia, Costa RicaPanama
82%
Algeria, LibyaTunisia
81%
Albania, Bulgaria, North Macedonia, TurkeyGreece
77%
Djibouti, Ethiopia, KenyaSomalia
76%
Iraq, Saudi ArabiaKuwait
75%
SenegalGambia
62%

Score Distribution

Percentile by Number Answered

Percent of People with Each Score

Your Score History

You have not taken this quiz since the last reset